000 00923nac a22002537a 4500
001 BR8003416
003 BR-BrBNA
005 20240105114715.0
008 230509b bl.|||m| |||| 00| 0 por d
040 _aBR-BrBNA
_bpor
_cBiblioteca Nacional de Agricultura
072 _aL10; L74
090 _a5300 BR8003416
100 1 _aSilveira, P.R.S. da
110 1 _aCentro Nacional de Pesquisa de Suinos e Aves, Concordia, SC (Brasil)
245 1 _aOcorrencia de anormalidades no sistema genital de femeas suinas descartadas por infertilidade [Sus domesticus; Reproducao animal; Brasil]
260 3 _aConcordia, SC (Brasil):
_c1980.
300 _a4 p.
490 _aPesquisa em Andamento - Centro Nacional de Pesquisa de Suinos e Aves (Brazil)
_vno. 6
_x
650 _aSUINO
650 _aAPARELHO REPRODUTOR
650 _aREPRODUCAO ANIMAL
909 _a202312
_bLúcia Elande
_c55
_dLúcia Elande
942 _2AGRIS
_n0
_cMS
999 _c270853
_d270853